| 000 | 00718nam a2200217 a 4500 | ||
|---|---|---|---|
| 005 | 20210223130608.0 | ||
| 008 | 080821s1982 mx r 000 0 spa d | ||
| 035 | _aUPN01000159390 | ||
| 049 | _aUNE | ||
| 080 | _a37.018.8 (6) =20 GET No.117. | ||
| 100 | 1 | _aGetao, F. N. | |
| 245 | 1 | 0 |
_aWhat and why of basic education : _ba discussion paper based on African experiences / _cby F. N. Getao. |
| 260 |
_aParÃs : _bUNESCO ; _aNew York : _bUNICEF, _c1982. |
||
| 300 | _a12 p. | ||
| 440 | 0 |
_aNotes, comments... ; _v117 |
|
| 690 | _aEducacion basica - Africa | ||
| 690 | _aFines educacionales - Educacion basica - Africa | ||
| 710 | 2 |
_aUNICEF _924085 |
|
| 710 | 2 | _aPrograma de Alimentación Mundial | |
| 905 | _aUNESCO | ||
| 999 |
_c131504 _d131504 |
||